00420nam a2200169Ia 4500003000400000005001700004008004100021020001500062040000700077041000800084082001900092100003100111245004000142260004300182300001200225365001300237OSt20250424183650.0210423s2008 xx 000 0 und d a8121910218 cAL aeng 223a368 bMISI aMISHRA (M N);MISHRA (S B). aInsurance: principles and practice. aNew DelhibS Chand & Company Ltdc2008 a661bPB b250cINR